000 01584nam a22003737a 4500
003 CHAP
005 20220329143912.0
008 120704s2012 mx r 00010 spa d
010 _a103496
011 _a104468
035 _a115158
040 _cCHAP
090 _aTesis
100 1 _aVara Domínguez, María Magdalena.
_9117916
245 1 0 _aEvaluación de las unidades de producción caprina del programa estratégico para la seguridad alimentaria en el Estado de Guerrero
_h[En línea]
_c/por María Magdalena Vara Domínguez
260 _aChapingo, Méx. :
_bEl autor,
_c2012
500 _aPara ver el contenido del material haga clic en la liga
502 _aTesis (Ing. Agr. Esp. en Zootecnia) -- UACH. Departamento de Enseñanza, Investigación y Servicio en Zootecnia
590 _aALEPH
_b10
_c20130110
_lUCH01
_h1545
590 _aBATCH-UPD
_b10
_c20130110
_lUCH01
_h1937
590 _aBATCH-UPD
_b10
_c20130410
_lUCH01
_h0602
590 _aBATCH-UPD
_b10
_c20130914
_lUCH01
_h1509
590 _aBATCH-UPD
_b10
_c20140324
_lUCH01
_h1531
590 _aBATCH-UPD
_b10
_c20141002
_lUCH01
_h0853
590 _aCONVERSION
_b10
_c20130109
_lUCH01
_h1357
650 0 4 _aGanado cabrío
_xAlimentación.
_944990
650 0 4 _aGanado cabrío
_xGuerrero.
_945015
650 0 4 _aGanado cabrío
_xProducción.
_945038
856 _3Finding aid
_uhttp://10.13.5.2/tesis/115158.pdf
_zTeclea aqui
901 _aBK
942 _cFOLL
949 _aTesis
_bBC
_cTES
_d33724002339587
_eTS1
_gDonaciØn
_h53537
_i115158
_st
949 _aTesis
_bBC
_cTES
_d33724002339629
_eTS2
_fc.2
_gDonaciØn
_h53538
_i115158
_st
999 _c103496
_d103496